Online
Catalog

Enriquillo : (Record no. 35103)

MARC details
000 -CABECERA
campo de control de longitud fija 01398nam a2200313 a 4500
001 - NÚMERO DE CONTROL
campo de control 000035612
005 - FECHA Y HORA DE LA ÚLTIMA TRANSACCIÓN
campo de control 20250909091242.0
008 - DATOS DE LONGITUD FIJA--INFORMACIÓN GENERAL
campo de control de longitud fija 091106s1996 sp r 000 f spa d
020 ## - NÚMERO INTERNACIONAL ESTÁNDAR DEL LIBRO
Número Internacional Estándar del Libro 8472327574
040 ## - FUENTE DE LA CATALOGACIÓN
Centro catalogador/agencia de origen DO-SdBNP
Lengua de catalogación spa
Centro/agencia transcriptor BNPHU
082 ## - NÚMERO DE LA CLASIFICACIÓN DECIMAL DEWEY
Número de clasificación RD863.3
Número de documento/Ítem G182e,1996
100 1# - ENTRADA PRINCIPAL--NOMBRE DE PERSONA
Nombre de persona Galván, Manuel de J.
Forma completa/desarrollada del nombre (Manuel de Jesús)
Fechas asociadas al nombre 1834-1910
9 (RLIN) 28507
240 10 - TÍTULO UNIFORME
Título uniforme Enriquillo :
-- leyenda histórica dominicana (1503-1538)
Lenguaje de la obra Español
245 10 - MENCIÓN DE TÍTULO
Título Enriquillo :
Resto del título leyenda histórica dominicana 1503-1533 /
Mención de responsabilidad, etc. Manuel de Jesús Galván ; prólogo y notas de Marina Gálvez Acero.
260 ## - PUBLICACIÓN, DISTRIBUCIÓN, ETC.
Lugar de publicación, distribución, etc. Madrid :
Nombre del editor, distribuidor, etc. Ediciones de Cultura Hipánica :
Lugar de publicación, distribución, etc. Agencia Española de Cooperación Ineternacional,
Fecha de publicación, distribución, etc. 1996.
300 ## - DESCRIPCIÓN FÍSICA
Extensión 585 p. ;
Dimensiones 22 cm.
490 1# - MENCIÓN DE SERIE
Mención de serie Biblioteca Literaria Iberoamericana y Filipina
Designación de volumen o secuencia 21: República Dominicana
500 ## - NOTA GENERAL
Nota general Incluye apéndice : p. 579-585
500 ## - NOTA GENERAL
Nota general La primera parte de esta obra salión a la luz en el año 1879
500 ## - NOTA GENERAL
Nota general Incluye notas al pie de las páginas
504 ## - NOTA DE BIBLIOGRAFÍA, ETC.
Nota de bibliografía, etc. Bibliografía p. 41-44
590 ## - NOTA LOCAL (RLIN)
Nota local Inventariado, 2019/VM
600 #0 - PUNTO DE ACCESO ADICIONAL DE MATERIA--NOMBRE DE PERSONA
Nombre de persona ENRIQUILLO
Títulos y otros términos asociados al nombre CACIQUE
Fechas asociadas al nombre ¿-1535
9 (RLIN) 14941
650 #0 - PUNTO DE ACCESO ADICIONAL DE MATERIA--TÉRMINO DE MATERIA
Término de materia o nombre geográfico como elemento de entrada Novela histórica dominicana.
9 (RLIN) 860
650 #0 - PUNTO DE ACCESO ADICIONAL DE MATERIA--TÉRMINO DE MATERIA
Término de materia o nombre geográfico como elemento de entrada Literatura dominicana.
9 (RLIN) 67
651 #4 - PUNTO DE ACCESO ADICIONAL DE MATERIA--NOMBRE GEOGRÁFICO
Nombre geográfico República Dominicana
Subdivisión general Historia
Subdivisión cronológica 1503-1538
9 (RLIN) 14942
700 1# - PUNTO DE ACCESO ADICIONAL--NOMBRE DE PERSONA
Nombre de persona Gálvez Acero, Marina,
Término indicativo de función/relación pról.
9 (RLIN) 61513
710 2# - PUNTO DE ACCESO ADICIONAL--NOMBRE DE ENTIDAD CORPORATIVA
Nombre de entidad corporativa o nombre de jurisdicción como elemento de entrada Agencia Española de Cooperación Internacional
9 (RLIN) 34585
Holdings
Estado de retiro Estado de pérdida Restricciones de uso No para préstamo Código de colección Localización permanente Ubicación/localización actual Ubicación en estantería Fecha de adquisición Número de inventario Total de préstamos Signatura topográfica completa Código de barras Fecha visto por última vez Número de copia Precio válido a partir de Tipo de ítem Koha
      Excluido de préstamo Monografías: Libros y Folletos General General Depósito 17.01.2019 LF1   RD863.3 G182e,1996 35612-30 25.06.2020 e. 3 25.06.2020 No se presta
      Excluido de préstamo Monografías: Libros y Folletos Patrimonio Dominicano Patrimonio Dominicano Depósito 05.11.2011 LF1   RD863.3 G182e,1996 35612-10 25.06.2020   25.06.2020 No se presta
      Excluido de préstamo Monografías: Libros y Folletos Patrimonio Dominicano Patrimonio Dominicano Depósito 12.06.2018 LF1   RD863.3 G182e,1996 35612-20 25.06.2020 e. 2 25.06.2020 No se presta

Powered by Koha